Muscle development of livestock animals (Record no. 44996)
[ view plain ]
| 000 -LEADER | |
|---|---|
| fixed length control field | 01406nam a2200361Ia 4500 |
| 082 04 - DEWEY DECIMAL CLASSIFICATION NUMBER | |
| Classification number | 636.089274 |
| 245 00 - TITLE STATEMENT | |
| Title | Muscle development of livestock animals |
| 260 ## - PUBLICATION, DISTRIBUTION, ETC. (IMPRINT) | |
| Place of publication | Cambridge, Mass., USA ; |
| -- | Wallingfrod, Oxon, UK : |
| Name of publisher | CABI Pub., |
| Year of publication | c2004. |
| 300 ## - PHYSICAL DESCRIPTION | |
| Number of Pages | xvi, 411 p. : |
| Other physical details | ill. |
| 650 #0 - SUBJECT ADDED ENTRY--TOPICAL TERM | |
| Topical Term | Veterinary physiology. |
| Topical Term | Muscles |
| Topical Term | Livestock |
| Topical Term | Meat |
| 700 1# - ADDED ENTRY--PERSONAL NAME | |
| Personal name | Pas, M. F. W. te. |
| Personal name | Everts, M. E. |
| Personal name | Haagsman, H. P. |
| 856 40 - ELECTRONIC LOCATION AND ACCESS | |
| Uniform Resource Identifier | http://site.ebrary.com/lib/rucke/Doc?id=10073622 |
No items available.
